Vista normal
Vista MARC
Entrada Personal Name
Número de registros utilizados en: 1
001 - CONTROL NUMBER
- control field: 15258
003 - CONTROL NUMBER IDENTIFIER
- control field: DLC
005 - DATE AND TIME OF LATEST TRANSACTION
- control field: 20240122090746.0
008 - FIXED-LENGTH DATA ELEMENTS
- fixed length control field: 780928n| azannaabn |a aaa
010 ## - LIBRARY OF CONGRESS CONTROL NUMBER
- LC control number: n 78071204
035 ## - SYSTEM CONTROL NUMBER
- System control number: (OCoLC)oca00206670
040 ## - CATALOGING SOURCE
- Original cataloging agency: DLC
- Language of cataloging: spa
- Description conventions: rda
- Transcribing agency: Mx-PuUPA
- Modifying agency: Uk
- Modifying agency: DLC
- Modifying agency: OCoLC
- Modifying agency: Mx-PuUPA
046 ## - SPECIAL CODED DATES
- Birth date: 19351219
- Death date: 20131117
- Source of date scheme: edtf
100 1# - HEADING--PERSONAL NAME
- Personal name: Field, Syd,
- Dates associated with a name: 1935-2013
370 ## - ASSOCIATED PLACE
- Place of birth: Hollywood (Los Ángeles, California)
- Place of death: Beverly Hills (California)
372 ## - FIELD OF ACTIVITY
- Field of activity: Autoría cinematográfica
- Source of term: lcsh
374 ## - OCCUPATION
- Occupation: Autor
375 ## - GENDER
- Gender: hombre
377 ## - ASSOCIATED LANGUAGE
- Language code: eng
400 1# - SEE FROM TRACING--PERSONAL NAME
- Personal name: Field, Sydney Alvin
- Dates associated with a name: 1935-2013
670 ## - SOURCE DATA FOUND
- Source citation: His Screenplay, c1979:
- Information found: t.p. (Syd Field)
670 ## - SOURCE DATA FOUND
- Source citation: New York times (online), viewed Nov. 19, 2013
- Information found: (in obituary published Nov. 18: b. Sydney Alvin Field, Dec. 19, 1935, Hollywood; d. Sunday [Nov. 17, 2013], Beverly Hills, aged 77; author of the definitive work on writing screenplays)